| 000 | 00551cam a2200181ua 4500 | ||
|---|---|---|---|
| 001 | 745 | ||
| 008 | 110419n ii |||gr||||Z||||||eng | ||
| 040 | _cMAIN | ||
| 082 | _a320.9 | ||
| 245 | 1 |
_aHistory of political theories : _bFrom Rousseau to Spencer / _cby William Archibald Dunning |
|
| 250 | _a2nd. | ||
| 260 |
_aAllahabad: _bCentral book depot,967. |
||
| 300 |
_a446p.: _c25cm. |
||
| 653 | _aPolitical science | ||
| 653 | _aHistory of political theories from Rousseau to Spencer | ||
| 700 |
_aDunning, William Archibald., _eAuthor. |
||
| 942 | _cBK | ||
| 999 |
_c672 _d672 |
||